American Horror Story: Hotel Characters - Statistics

General Stats
  • This quiz has been taken 193 times
  • The average score is 14 of 24
Answer Stats
Description Character % Correct
Wealthy oil business man and serial killer who constructed the Hotel Cortez in the 1920's that remains in the hotel as a ghost James Patrick March
91%
Enigmatic, glamorous, and malevolent vampire ex-owner of the Hotel Cortez who resides in the penthouse Elizabeth Johnson A.K.A The Countess
89%
Drug addict who died on the Hotel Cortez property that remains as a ghost Sally McKenna
89%
Eccentric, transgender bartender of the Blue Parrot Lounge at the Hotel Cortez Liz Taylor
86%
Serial killer that murdered 33 men in Illinois invited to the Hotel Cortez every Devil's Night John Wayne Gacy
81%
Los Angeles homicide detective investigating a string of murders that leads him to the Hotel Cortez Det. John Lowe
80%
Manager of the Hotel Cortez who works at the reception desk Iris
79%
Son of #1 and arrogant resident of the Hotel Cortez who remains forever young due to side effects of having the vampire virus Donovan
65%
Fashion designer and new owner of the Hotel Cortez Will Drake
64%
Young son of #4 and #6 that was abducted in 2010 Holden Lowe
60%
Serial killer that terrorized San Francisco invited to the Hotel Cortez every Devil's Night Richard Ramirez
60%
Male model that comes to the Hotel Cortez because of a fashion show by #8 Tristan Duffy
58%
Serial killer that murdered 7 men in Florida invited to the Hotel Cortez every Devil's Night Aileen Wuornos
56%
Serial killer that murdered 17 men in Wisconsin invited to the Hotel Cortez every Devil's Night Jeffrey Dahmer
56%
Former film star turned vampire out for revenge Ramona Royale
54%
Young daughter of #4 and #6 Scarlett Lowe
52%
Estranged wife of #4 after the abduction of their young son five years ago Dr. Alex Lowe
48%
Famous silent movie star turned vampire and first love of #10 Rudolph Valentino
46%
Eccentric laundress ghost and maid of the Hotel Cortez loyal to #3 Hazel Evers
43%
Mysterious, demonic creature who haunts the Hotel Cortez as a "living" metaphor for addiction The Addiction Demon
34%
Vampire baby of #10 that was fully developed at 3 weeks Bartholomew
32%
Wife of ^ also turned vampire Natacha Rambova
30%
Busybody realtor who shows #8 the Hotel Cortez Marcy
26%
Detective working with #4 on the murder investigation Det. Andrew Hahn
13%
No matching quizzes found
Score Distribution
Percent of People with Each Score
Percentile by Number Answered
Your Score History
You have not taken this quiz